East and West: (Record no. 163689)

MARC details
000 -LEADER
fixed length control field 00611nam a2200181 4500
005 - DATE AND TIME OF LATEST TRANSACTION
control field 20190425174745.0
010 ## - LCCN (DPL NO)
LC control number ENG-125086
020 ## - INTERNATIONAL STANDARD BOOK NUMBER
International Standard Book Number 9788170392767
Terms of availability 600.00
035 ## - SYSTEM CONTROL NUMBER
System control number EN-108618
037 ## - SOURCE OF ACQUISITION
Source of stock number/acquisition DBAD/PUB
082 ## - DEWEY DECIMAL CLASSIFICATION NUMBER
Classification number 704.948
245 ## - TITLE STATEMENT
Title East and West:
Remainder of title exploring cultural manifestations/
Statement of responsibility, etc ed. by Kala Acharya...[et al]
260 ## - PUBLICATION, DISTRIBUTION, ETC. (IMPRINT)
Place of publication, distribution, etc Mumbai
Name of publisher, distributor, etc Somaiya Publications
Date of publication, distribution, etc 2010
270 ## - ADDRESS
Address 172, Mumbai Marathi Granthasangrahalaya Marg
City Darar, Mumbai
Postal code 400014
Electronic mail address somiyabooks@rediffmail.com
300 ## - PHYSICAL DESCRIPTION
Extent xx,569p.
Dimensions 23cm(Hb)
700 ## - ADDED ENTRY--PERSONAL NAME
Personal name Acharya, Kala
942 ## - ADDED ENTRY ELEMENTS (KOHA)
Source of classification or shelving scheme Dewey Decimal Classification
Item type English Books
Classification part 704.948
Call number suffix EAS
Holdings
Withdrawn status Lost status Not for loan Collection code Home library Current library Date acquired Source of acquisition Cost, normal purchase price Full call number Barcode Copy number Cost, replacement price Koha item type
    Not For Loan Non-fiction D.B.Act.Division Ashok Vihar 25/04/2019 DBAD/PUB 600.00 704.948 EAS EN-108618 1 600.00 English Books

© Delhi Public Library
Hit Counter
free hit counter